| 000 | 01029nam a22003137a 4500 | ||
|---|---|---|---|
| 003 | DO-SdBNP | ||
| 005 | 20230525153654.0 | ||
| 007 | ta | ||
| 008 | 230525b1975 sp ||||| |||| 00| 0 spa d | ||
| 040 |
_aDO-SdBNP _bspa _cBNPHU _erda |
||
| 049 | _aBNGR | ||
| 082 | 4 |
_a862.6 _bV181r, 1975 _222 |
|
| 100 | 1 |
_aValle-Inclán, Ramón del, _d1866-1936 _93325 _eautor |
|
| 245 | 1 | 0 |
_aRetablo de la avaricia, la lujuria y la muerte : _bligazón. La rosa de papel. El embrujado. La cabeza del bautista. Sacrilegio / _cRamón del Valle-Inclán. |
| 250 | _a3a ed. | ||
| 264 |
_aMadrid : _bEspasa-Calpe, _c1975. |
||
| 300 |
_a207, [16] páginas ; _c18 cm. |
||
| 336 |
_2rdacontent _atexto _btxt |
||
| 337 |
_2rdamedia _asin mediación _bn |
||
| 338 |
_2rdacarrier _avolumen _bnc |
||
| 490 |
_aAustral _v1325 |
||
| 500 | _aIncluye índice de autores. | ||
| 590 | _aInventariado, 2023/BT | ||
| 650 | 4 |
_aTeatro español _93071 |
|
| 650 | 4 |
_aLiteratura española _ySiglo XX _93326 |
|
| 830 | _939559 | ||
| 910 | _aBtavárez | ||
| 942 |
_2ddc _cLBS1 |
||
| 999 |
_c53618 _d53618 |
||